Cool v plotě /

Hlavní autor: Mardoša, 1974-
Další autoři: Cais, Milan, 1974-
Jazyk: Čeština
Vydáno: České Budějovice : Velarium, 1995
Vydání: 1. vyd.
Edice: Celula
Témata:
Fyzický popis: 35 s. : il. ; 11 cm
Knihy
Uloženo v:
LEADER 01021nam a2200325 a 4500
001 000084504
003 CZ BrMZK
005 20230302131659.0
007 ta
008 960815s1995 xr e p cze d
015 |a cnb000165175 
035 |a (OCoLC)37959750 
040 |a BOA001  |b cze 
072 7 |a 821.162.3-1  |x Česká poezie  |2 Konspekt  |9 25 
080 |a 821.162.3-1  |2 MRF 
080 |a (0:82-1)  |2 MRF 
080 |a (0:82-84)  |2 MRF 
100 0 |a Mardoša,  |d 1974-  |7 jn99240000673  |4 aut 
245 1 0 |a Cool v plotě /  |c Mardoša ; [ilustroval Milan Cais] 
250 |a 1. vyd. 
260 |a České Budějovice :  |b Velarium,  |c 1995 
300 |a 35 s. :  |b il. ;  |c 11 cm 
490 1 |a Celula ;  |v sv. 21 
655 7 |a česká poezie  |7 fd133958  |2 czenas 
655 7 |a aforismy  |7 fd131784  |2 czenas 
700 1 |a Cais, Milan,  |d 1974-  |7 jn19981000435  |4 ill 
830 0 |a Celula  |0 s 
910 |a BOA001  |b 1-1022.919 
990 |a BK 
996 6 |b 2610039455  |c 1-1022.919  |l MZK  |r Sklad / do 1 hodiny  |n 11  |p p.v.  |w 000084504  |u 000010  |a 1  |e BOA001  |j MZK50  |s P